[Event "Klatovy op-B"]
[Site "Klatovy"]
[Date "2004.07.??"]
[Round "?"]
[White "Jina, Lubos"]
[Black "Samek, Jakub"]
[Result "1-0"]
[WhiteElo "1945"]
[BlackElo "1630"]
[PlyCount "83"]
[EventDate "2004.07.??"]
[EventType "swiss"]
[EventRounds "9"]
[EventCountry "CZE"]
[SourceTitle "EXT 2007"]
[Source "ChessBase"]
[SourceDate "2006.11.23"]
[SourceVersion "1"]
[SourceVersionDate "2006.11.23"]
[SourceQuality "1"]

1. d4 d5 2. c4 Bf5 3. Nc3 e6 4. Qb3 Nc6 5. cxd5 exd5 6. Be3 Bb4 7. a3 Bxc3+ 8. Qxc3 Nf6 9. f3 Nd7 10. Bf2 0-0 11. e3 Nb6 12. Ne2 Re8 13. Ng3 Bg6 14. Bb5 Qf6 15. 0-0 Re6 16. b3 h5 17. Ne2 Qg5 18. Nf4 Rf6 19. Rad1 h4 20. Qe1 Rxf4 21. exf4 Qxf4 22. Bxc6 bxc6 23. Bxh4 Bc2 24. Bg3 Qf6 25. Be5 Qg6 26. Rc1 Bxb3 27. f4 Nc4 28. Rc3 Nxe5 29. fxe5 Bc2 30. Qf2 Bd3 31. Rfc1 Bc4 32. Rg3 Qh6 33. Re1 Re8 34. Rh3 Qg5 35. Rf3 Re7 36. Rf5 Qh6 37. h3 Bd3 38. Rf4 Qg5 39. Re3 Be4 40. Rb3 c5 41. Rb8+ Kh7 42. Rh4+ 1-0

[Event "Klatovy op-B"]
[Site "Klatovy"]
[Date "2004.07.??"]
[Round "?"]
[White "Samek, Jakub"]
[Black "Kriz, Daniel"]
[Result "1/2-1/2"]
[WhiteElo "1630"]
[BlackElo "1730"]
[PlyCount "52"]
[EventDate "2004.07.??"]
[EventType "swiss"]
[EventRounds "9"]
[EventCountry "CZE"]
[SourceTitle "EXT 2007"]
[Source "ChessBase"]
[SourceDate "2006.11.23"]
[SourceVersion "1"]
[SourceVersionDate "2006.11.23"]
[SourceQuality "1"]

1. e4 e5 2. Nf3 Nc6 3. d4 exd4 4. Bc4 Nf6 5. e5 d5 6. exd6 Bxd6 7. c3 dxc3 8. Nxc3 0-0 9. 0-0 Bg4 10. Bg5 h6 11. Be3 Qd7 12. Be2 Rad8 13. Qc2 Bf5 14. Qb3 Na5 15. Qd1 Qe7 16. Nd4 Bg6 17. Qa4 c5 18. Nf3 b6 19. Nh4 Be5 20. Nxg6 fxg6 21. Qc2 Qf7 22. Bd3 Kh7 23. a3 c4 24. Be2 Nb3 25. Rad1 Qe6 26. Nb5 Na5 1/2-1/2

[Event "CZE-ch U16"]
[Site "Volyne"]
[Date "2003.??.??"]
[Round "?"]
[White "Samek, Jakub"]
[Black "Rozkovec, Jiri"]
[Result "1-0"]
[WhiteElo "1528"]
[BlackElo "1829"]
[PlyCount "79"]
[EventDate "2003.??.??"]
[EventType "swiss"]
[EventRounds "9"]
[EventCountry "CZE"]
[SourceTitle "EXT 2005"]
[Source "ChessBase"]
[SourceDate "2004.11.15"]
[SourceVersion "1"]
[SourceVersionDate "2004.11.15"]
[SourceQuality "1"]

1. e4 c5 2. Nf3 d6 3. d4 cxd4 4. Nxd4 Nf6 5. Nc3 a6 6. Be3 e6 7. Be2 Be7 8. 0-0 0-0 9. f4 b5 10. a3 Bb7 11. Bf3 Nbd7 12. Qe1 Qc7 13. Rd1 Nc5 14. Bc1 Rac8 15. Kh1 Rfd8 16. e5 dxe5 17. fxe5 Nd5 18. Nxd5 Bxd5 19. Qg3 Bxf3 20. Qxf3 Bf8 21. Bg5 Rd7 22. Bf4 Na4 23. b3 Nc3 24. Rd3 Bxa3 25. Qh5 Nd5 26. Rh3 Nxf4 27. Qxh7+ Kf8 28. Qh8+ Ke7 29. Qh4+ f6 30. exf6+ gxf6 31. Rxf4 Qe5 32. Rd3 Bc5 33. Nc6+ Rxc6 34. Qh7+ Kf8 35. Qh8+ Ke7 36. Qg7+ Ke8 37. Qxd7+ Kf8 38. Qd8+ Kf7 39. Rd7+ Kg6 40. Qg8+ 1-0